Die sechs nächstgelegenen Länder - Portugal - Statistiken

Allgemein
  • Dieses Quiz wurde 125 mal gespielt
  • Das Durchschnittsergebnis liegt bei 4 aus 6
Antwortstatistiken
km Land % Korrekt
0 Spanien
99%
412 Frankreich
89%
202 Marokko
78%
637 Andorra
74%
520 Algerien
48%
879 Vereinigtes Königreich
19%
Keine übereinstimmenden Quizze gefunden
Verteilung der Resultate
Anzahl Personen mit jedem Resultat
Perzentil nach korrekt beantworteten Fragen
Ihre Resultats-Entwicklung
Sie haben dieses Quiz noch nicht gespielt